000 00918nam a2200313Ia 4500
005 20220316235948.0
008 141017s9999 ck 000 0 spa d
020 _a9583010766
041 _aspa
082 0 4 _a745.1028
_bA11e
245 1 0 _aAccesorios con semilla
246 _aJuguetes de madera
250 _a1a. edición
300 _a18 páginas
_bilustraciones
_c28 c.m.
490 _aManos maestras
650 1 4 _2LEMB
_aCofección de joyas
650 1 4 _2LEMB
_aJuguetería artesal
650 1 4 _2LEMB
_aTrabajos manuales
650 1 4 _2LEMB
_aManualidades
650 1 4 _2LEMB
_aDiseño y construcción
700 1 _aQuintero Ovalle, Sandra
_96601
700 1 _aGonzález, Jorge H.
_96737
942 _2ddc
_cBK
264 _aBogotá
_bPanamericana
_c2003
336 _atexto
_btxt
_2rdacontent
337 _asin mediación
_bn
_2rdamedia
338 _avolumen
_bnc
_2rdacarrier
040 _aCO-BoRNBP
_bspa
_erda
_cCO-BoRNBP
999 _c2750
_d2750